| 000 | 00000nam 2200000zi 4500 |
| 001 | 9.934729 |
| 003 | CaOODSP |
| 005 | 20240815155944 |
| 006 | m o d f |
| 007 | cr cn||||||||| |
| 008 | 240229s2024####onc o f000 0 chi d |
| 020 | |a9780660703961 |
| 040 | |aCaOODSP|bfre|erda|cCaOODSP |
| 043 | |an-cn--- |
| 086 | 1 |aCi4-204/2024Chi1-PDF |
| 245 | 00|a[Qu’est-ce qu’un permis de travail ouvert pour les travailleurs vulnérables?] |
| 250 | |a[Édition chinoise traditionnelle]. |
| 264 | 1|a[Ottawa] : |bImmigration, réfugiés et citoyenneté Canada = Immigration, Refugees and Citizenship Canada, |c[2024] |
| 300 | |a1 ressource en ligne (1 page) |
| 336 | |atexte|btxt|2rdacontent/fre |
| 337 | |ainformatique|bc|2rdamedia/fre |
| 338 | |aressource en ligne|bcr|2rdacarrier/fre |
| 500 | |aPublié aussi en français sous le titre: Qu’est-ce qu’un permis de travail ouvert pour les travailleurs vulnérables? |
| 500 | |a« IRCC 3668-07-2024. » |
| 546 | |aTexte en chinois traditionnel. |
| 650 | 6|aTravailleurs étrangers|xViolence envers|xPolitique gouvernementale|zCanada. |
| 650 | 6|aTravailleurs étrangers|xTravail|xPolitique gouvernementale|zCanada. |
| 710 | 1 |aCanada. |bImmigration, réfugiés et citoyenneté Canada, |eorganisme de publication. |
| 775 | 08|tQu'est-ce qu'un permis de travail ouvert pour les travailleurs vulnérables?|w(CaOODSP)9.934204 |
| 791 | |t[What is the open work permit for vulnerable workers?]|eeng|w(CaOODSP)9.934206 |
| 856 | 40|qPDF|s351 Ko|uhttps://publications.gc.ca/collections/collection_2024/ircc/Ci4-204-2024-1-chi.pdf |